The Microphones - The Glow Pt 2 Lyrics - Statistics

General Stats
  • This quiz has been taken 6 times
  • The average score is 103 of 112
Answer Stats
Answer % Correct
A
100%
Back
100%
Beats
100%
Blood
100%
Body
100%
Chest
100%
Face
100%
Flows
100%
Forgot
100%
Glow
100%
Golden
100%
Gone
100%
Harshly
100%
Heart
100%
I
100%
Im
100%
In
100%
Is
100%
It
100%
Its
100%
Loudly
100%
My
100%
No
100%
Not
100%
Now
100%
Off
100%
On
100%
Saw
100%
Shirt
100%
Shirts
100%
Shoulders
100%
Skin
100%
Songs
100%
Still
100%
That
100%
The
100%
To
100%
Took
100%
Was
100%
Yard
100%
Arms
83%
Battle
83%
Breath
83%
Death
83%
Draws
83%
End
83%
Faced
83%
Get
83%
Gliding
83%
Had
83%
Hold
83%
One
83%
Red
83%
September
83%
Stopped
83%
Swinging
83%
Theres
83%
Through
83%
Went
83%
With
83%
Without
83%
And
67%
Buoyant
67%
Could
67%
Dead
67%
Flesh
67%
Living
67%
But
50%
Feelings
50%
Own
50%
Awful
33%
Heard
33%
No matching quizzes found
Score Distribution
Percent of People with Each Score
Percentile by Number Answered
Your Score History
You have not taken this quiz